Theoretical Framework Development for Assessing the Influence of Environmental Conditions on Labor Productivity

Vývoj teoretického rámca na posúdenie vplyvu environmentálnych faktorov na tradičné a subjektívne aspekty produktivity práce (stres v práci). Stanovenie hypotéz, zber dát a vyhodnotenie. Výsledky môžu prispieť k lepšiemu uplatňovaniu hlavných ergonomických zásad na organizáciu pracoviska.

Guardado en:
Detalles Bibliográficos
Autor principal: Dziura, Boris, 1976-
Formato: Capítulo de libro
Lenguaje:inglés
Materias:
Etiquetas: Agregar Etiqueta
Sin Etiquetas, Sea el primero en etiquetar este registro!

MARC

LEADER 00000naa a2200000 4500
001 0262835
005 20240502074157.4
041 0 |a eng 
044 |a SK 
245 1 0 |a Theoretical Framework Development for Assessing the Influence of Environmental Conditions on Labor Productivity  |c Boris Dziura 
520 |a Vývoj teoretického rámca na posúdenie vplyvu environmentálnych faktorov na tradičné a subjektívne aspekty produktivity práce (stres v práci). Stanovenie hypotéz, zber dát a vyhodnotenie. Výsledky môžu prispieť k lepšiemu uplatňovaniu hlavných ergonomických zásad na organizáciu pracoviska. 
610 2 0 |a environmentalistika 
610 2 0 |a produktivita práce 
610 2 0 |a stresy 
610 2 0 |a pracovníci 
610 2 0 |a zdravie duševné 
610 2 0 |a záťaže environmentálne 
100 1 |a Dziura, Boris, 1976-